[Event "Moscow op-A 17th"]
[Site "Moscow"]
[Date "2021.02.21"]
[Round "2"]
[White "Pranizin, Evgeny"]
[Black "Maimin, Leonid"]
[Result "0-1"]
[WhiteElo "1850"]
[BlackElo "1415"]
[PlyCount "82"]
[EventDate "2021.02.20"]
[EventType "swiss"]
[EventRounds "9"]
[EventCountry "RUS"]
[SourceTitle "CBM 200 Extra"]
[Source "ChessBase"]
[SourceDate "2021.03.31"]
[SourceVersion "1"]
[SourceVersionDate "2021.03.31"]
[SourceQuality "1"]

1. e4 c5 2. Nc3 d6 3. g3 g6 4. Bg2 Bg7 5. Nge2 e5 6. 0-0 Ne7 7. f4 Nbc6 8. d3 0-0 9. Be3 f5 10. Qd2 Rb8 11. Rae1 Be6 12. b3 Qd7 13. Nd5 Bxd5 14. exd5 Nd4 15. c4 b6 16. Kh1 Rbe8 17. fxe5 dxe5 18. Nxd4 cxd4 19. Bg5 Nc8 20. b4 Nd6 21. c5 Nb5 22. d6 Nc3 23. Be7 Rf7 24. c6 Qe6 25. d7 Rfxe7 26. dxe8Q+ Rxe8 27. Qb2 e4 28. g4 Qc8 29. gxf5 gxf5 30. b5 e3 31. Qb3+ Kh8 32. Qf7 Nxb5 33. Rxf5 Nd6 34. Qd5 Nxf5 35. Bh3 Ne7 36. Qf3 Qxc6 37. Qxc6 Nxc6 38. Bd7 Rf8 39. Bxc6 Rf2 40. Bd5 Be5 41. Rc1 Rd2 0-1

[Event "Voronezh op-B 23rd"]
[Site "Voronezh"]
[Date "2019.06.18"]
[Round "7"]
[White "Pranizin, Evgeny"]
[Black "Razhbadinov, Rasul"]
[Result "1-0"]
[WhiteElo "1740"]
[BlackElo "1540"]
[PlyCount "73"]
[EventDate "2019.06.12"]
[EventType "swiss"]
[EventRounds "9"]
[EventCountry "RUS"]
[SourceTitle "EXT 2020"]
[Source "ChessBase"]
[SourceDate "2019.10.17"]
[SourceVersion "1"]
[SourceVersionDate "2019.10.17"]
[SourceQuality "1"]

1. e4 c5 2. Nf3 d6 3. d4 cxd4 4. Nxd4 Nf6 5. Nc3 a6 6. Bg5 Nbd7 7. Bc4 b5 8. Bb3 Bb7 9. f3 Nc5 10. Bxf6 gxf6 11. Bd5 Bxd5 12. Nxd5 Rc8 13. c3 e6 14. Ne3 h5 15. 0-0 Bh6 16. Qe2 Kd7 17. Rfd1 Qb6 18. Kh1 Rhg8 19. Rd2 Rg6 20. Rad1 Re8 21. Qf2 h4 22. Re2 Reg8 23. Ng4 h3 24. g3 Bg7 25. Red2 Bf8 26. Qe3 Rh8 27. b3 Rxg4 28. fxg4 Bh6 29. Qf3 Bxd2 30. Rxd2 Qb7 31. Re2 Ke7 32. Kg1 Qc7 33. Rf2 Nd7 34. g5 Kf8 35. gxf6 Rh6 36. Qg4 Nxf6 37. Qg5 1-0

[Event "Voronezh op-B 23rd"]
[Site "Voronezh"]
[Date "2019.06.17"]
[Round "6"]
[White "Fadin, Evgeny"]
[Black "Pranizin, Evgeny"]
[Result "1-0"]
[WhiteElo "2020"]
[BlackElo "1740"]
[PlyCount "95"]
[EventDate "2019.06.12"]
[EventType "swiss"]
[EventRounds "9"]
[EventCountry "RUS"]
[SourceTitle "EXT 2020"]
[Source "ChessBase"]
[SourceDate "2019.10.17"]
[SourceVersion "1"]
[SourceVersionDate "2019.10.17"]
[SourceQuality "1"]

1. d4 Nf6 2. c4 g6 3. Nc3 Bg7 4. e4 d6 5. Nf3 0-0 6. Be2 e5 7. 0-0 Nc6 8. d5 Ne7 9. Ne1 Ne8 10. Nd3 f5 11. Bd2 Nf6 12. f3 f4 13. c5 g5 14. Rc1 Ng6 15. cxd6 cxd6 16. Nb5 Rf7 17. a4 h5 18. h3 Bf8 19. Nf2 a6 20. Na3 Bd7 21. Nc4 b5 22. Ba5 Qe8 23. Nb6 Ra7 24. Nxd7 Qxd7 25. Rc6 Ne7 26. Rc3 Bh6 27. axb5 axb5 28. b4 Rf8 29. Qb3 Rb8 30. Rfc1 Ne8 31. Nd3 Kh8 32. Ne1 g4 33. hxg4 hxg4 34. fxg4 f3 35. Bxf3 Bxc1 36. Rxc1 Ng6 37. Qe3 Nf4 38. g3 Ng6 39. Rc2 Qg7 40. g5 Rab7 41. Bg4 Qf8 42. Bf5 Ne7 43. Rh2+ Kg7 44. Bg4 Ng6 45. Rh6 Nh8 46. Bf5 Rf7 47. g4 Rbb7 48. Qh3 1-0

[Event "Voronezh op-B 23rd"]
[Site "Voronezh"]
[Date "2019.06.16"]
[Round "5"]
[White "Savoskin, Vladimir"]
[Black "Pranizin, Evgeny"]
[Result "0-1"]
[WhiteElo "1681"]
[BlackElo "1740"]
[PlyCount "96"]
[EventDate "2019.06.12"]
[EventType "swiss"]
[EventRounds "9"]
[EventCountry "RUS"]
[SourceTitle "EXT 2020"]
[Source "ChessBase"]
[SourceDate "2019.10.17"]
[SourceVersion "1"]
[SourceVersionDate "2019.10.17"]
[SourceQuality "1"]

1. Nf3 Nf6 2. b3 Nc6 3. Bb2 d6 4. e3 e5 5. Be2 Be7 6. 0-0 0-0 7. c4 h6 8. d3 Nh7 9. Nbd2 f5 10. Rc1 g5 11. Ne1 g4 12. e4 h5 13. exf5 Bxf5 14. f3 Bg5 15. Nc2 Nf6 16. d4 gxf3 17. Bxf3 Ng4 18. Bd5+ Kh8 19. h3 Bf4 20. Rxf4 exf4 21. Bxc6 bxc6 22. d5+ Kh7 23. Nd4 Qh4 24. hxg4 hxg4 25. Nf1 f3 26. Nxf3 gxf3 27. Qxf3 Be4 28. Qe2 Rg8 29. Ne3 Rxg2+ 30. Nxg2 Rg8 31. Rc2 Rxg2+ 32. Qxg2 Bxg2 33. Rxg2 Qe1+ 34. Kh2 cxd5 35. cxd5 Qe4 36. Rg7+ Kh6 37. Rg2 Qxd5 38. Bc1+ Kh5 39. Bb2 Qf3 40. Bc1 d5 41. Bb2 Kh4 42. Ba3 Qe3 43. Bb2 d4 44. b4 Qe4 45. Kg1 Qe3+ 46. Kf1 d3 47. Bc3 Kh3 48. a3 Qf3+ 0-1

[Event "Voronezh op-B 23rd"]
[Site "Voronezh"]
[Date "2019.06.12"]
[Round "1"]
[White "Pranizin, Evgeny"]
[Black "Provkin, Vladimir"]
[Result "1-0"]
[WhiteElo "1740"]
[BlackElo "2176"]
[PlyCount "111"]
[EventDate "2019.06.12"]
[EventType "swiss"]
[EventRounds "9"]
[EventCountry "RUS"]
[SourceTitle "CBM 191 Extra"]
[Source "ChessBase"]
[SourceDate "2019.09.30"]
[SourceVersion "1"]
[SourceVersionDate "2019.09.30"]
[SourceQuality "1"]

1. e4 c5 2. Nf3 d6 3. d4 Nf6 4. Nc3 cxd4 5. Nxd4 Nc6 6. Be2 e5 7. Nb3 Be7 8. Be3 0-0 9. 0-0 a5 10. Bf3 a4 11. Nd2 a3 12. b3 Be6 13. Nd5 Bxd5 14. exd5 Nb8 15. c4 Nfd7 16. Be2 f5 17. f3 Bg5 18. f4 exf4 19. Bxf4 Bxf4 20. Rxf4 Ne5 21. Qf1 g6 22. Qf2 Nbd7 23. Rf1 Qe7 24. Qg3 Rae8 25. Rxf5 Rxf5 26. Rxf5 Nf7 27. Rf2 Qe3 28. Qxe3 Rxe3 29. Bg4 Nde5 30. Be6 Kg7 31. Bxf7 Nxf7 32. Nf3 Rc3 33. Re2 Kf6 34. Kf2 g5 35. Re6+ Kg7 36. g4 Rc2+ 37. Re2 Rc1 38. h3 Ra1 39. Rd2 Kf6 40. Nd4 Ke7 41. Nb5 Ne5 42. Nxa3 Nd3+ 43. Rxd3 Rxa2+ 44. Kg3 Rxa3 45. Re3+ Kd7 46. Kf3 Ra8 47. Ke4 Re8+ 48. Kd4 Rf8 49. b4 Rf4+ 50. Kc3 h6 51. Kb3 b6 52. Rc3 Rd4 53. Ka4 Rd1 54. Kb5 Rb1 55. Rf3 Rb2 56. Rf6 1-0

[Event "Dvorkovich Memorial op"]
[Site "Taganrog"]
[Date "2019.01.16"]
[Round "7"]
[White "Shevtsova, Darya"]
[Black "Pranizin, Evgeny"]
[Result "0-1"]
[WhiteElo "1552"]
[BlackElo "1683"]
[PlyCount "70"]
[EventDate "2019.01.10"]
[EventType "swiss"]
[EventRounds "9"]
[EventCountry "RUS"]
[SourceTitle "CBM 188 Extra"]
[Source "ChessBase"]
[SourceDate "2019.02.26"]
[SourceVersion "1"]
[SourceVersionDate "2019.02.26"]
[SourceQuality "1"]

1. d4 Nf6 2. Nf3 g6 3. Bg5 Bg7 4. Nbd2 d5 5. e3 0-0 6. Be2 Nbd7 7. 0-0 c5 8. c3 b6 9. Qc2 Bb7 10. h3 e6 11. Ne5 h6 12. Bh4 g5 13. Nxd7 Nxd7 14. Bg3 Qe7 15. Nf3 f5 16. Be5 Bxe5 17. Nxe5 Nxe5 18. dxe5 Qg7 19. f4 Rfd8 20. Bf3 Rac8 21. Qb3 Ba6 22. Rfe1 Bd3 23. Kh2 g4 24. Be2 Be4 25. g3 gxh3 26. Bf1 Kh7 27. Bxh3 Rg8 28. Rg1 Qf7 29. Qd1 d4 30. exd4 cxd4 31. Qxd4 Rcd8 32. Qf2 Qh5 33. Rae1 Bf3 34. Re3 Bg4 35. Qg2 Rd2 0-1

[Event "Dvorkovich Memorial op"]
[Site "Taganrog"]
[Date "2019.01.15"]
[Round "6"]
[White "Pranizin, Evgeny"]
[Black "Skatchkov, Valery"]
[Result "0-1"]
[WhiteElo "1683"]
[BlackElo "2279"]
[PlyCount "72"]
[EventDate "2019.01.10"]
[EventType "swiss"]
[EventRounds "9"]
[EventCountry "RUS"]
[SourceTitle "CBM 188 Extra"]
[Source "ChessBase"]
[SourceDate "2019.02.26"]
[SourceVersion "1"]
[SourceVersionDate "2019.02.26"]
[SourceQuality "1"]

1. e4 c5 2. Nf3 d6 3. d4 cxd4 4. Nxd4 Nf6 5. Nc3 a6 6. Be3 e5 7. Nf3 Be7 8. h3 0-0 9. Bc4 Be6 10. Bb3 Nc6 11. 0-0 b5 12. Bd5 Rc8 13. Re1 Na5 14. Bxe6 fxe6 15. Qd3 Nc4 16. Bc1 Qa5 17. b3 Na3 18. Bxa3 Qxa3 19. Ne2 d5 20. Ng3 Bb4 21. Rf1 Rfd8 22. exd5 Bc3 23. Rad1 exd5 24. Qf5 Qe7 25. Ng5 Qd7 26. Ne6 Re8 27. Ng5 Qxf5 28. Nxf5 Bb4 29. c4 bxc4 30. bxc4 Rxc4 31. Nf3 d4 32. Rc1 Rxc1 33. Rxc1 g6 34. Ng3 d3 35. Rc6 e4 36. Rb6 exf3 0-1

[Event "RUS-chT U14"]
[Site "Sochi"]
[Date "2016.05.07"]
[Round "6.4"]
[White "Pranizin, Evgeny"]
[Black "Zemnitskiy, Alexander"]
[Result "0-1"]
[WhiteElo "1651"]
[BlackElo "2024"]
[PlyCount "100"]
[EventDate "2016.05.01"]
[EventType "team-tourn"]
[EventRounds "9"]
[EventCountry "RUS"]
[SourceTitle "EXT 2018"]
[Source "ChessBase"]
[SourceDate "2017.10.13"]
[SourceVersion "1"]
[SourceVersionDate "2017.10.13"]
[SourceQuality "1"]

1. e4 c5 2. Nf3 d6 3. d4 cxd4 4. Nxd4 Nf6 5. Nc3 a6 6. Bc4 e6 7. Bb3 Nc6 8. Be3 Bd7 9. f4 Be7 10. h3 b5 11. Qf3 Nxd4 12. Bxd4 Bc6 13. 0-0-0 Qc7 14. g4 Qb7 15. Rhe1 a5 16. Bxf6 Bxf6 17. a4 bxa4 18. Nxa4 Qb4 19. g5 Be7 20. Qc3 Qxc3 21. Nxc3 0-0 22. e5 d5 23. Ba4 Rfc8 24. b3 Bb4 25. Re3 Bxc3 26. Rxc3 Bxa4 27. Rxc8+ Rxc8 28. bxa4 Rc4 29. Kd2 Rxf4 30. Rb1 g6 31. Rb5 Rxa4 32. Kd3 Kg7 33. Rc5 Rh4 34. Rxa5 Rxh3+ 35. Kd4 Rh4+ 36. Kc5 Rc4+ 37. Kd6 Rxc2 38. Ra3 Rg2 39. Rf3 Rxg5 40. Rf4 Rf5 41. Rh4 g5 42. Rg4 h5 43. Rd4 Rf4 44. Rd2 h4 45. Rh2 Rf3 46. Rg2 Kg6 47. Rg1 h3 48. Kc5 h2 49. Rh1 Rh3 50. Kd4 g4 0-1

[Event "RUS-chT U14"]
[Site "Sochi"]
[Date "2016.05.05"]
[Round "5.1"]
[White "Pranizin, Evgeny"]
[Black "Dudin, Gleb"]
[Result "0-1"]
[WhiteElo "1651"]
[BlackElo "1857"]
[PlyCount "88"]
[EventDate "2016.05.01"]
[EventType "team-tourn"]
[EventRounds "9"]
[EventCountry "RUS"]
[SourceTitle "EXT 2018"]
[Source "ChessBase"]
[SourceDate "2017.10.13"]
[SourceVersion "1"]
[SourceVersionDate "2017.10.13"]
[SourceQuality "1"]

1. e4 e6 2. d4 d5 3. Nc3 Nf6 4. Bg5 Bb4 5. Nge2 dxe4 6. a3 Be7 7. Bxf6 Bxf6 8. Nxe4 Nd7 9. Qd3 b6 10. 0-0-0 a5 11. f4 Ba6 12. Qf3 Qc8 13. g4 Be7 14. N2c3 Bxf1 15. Rhxf1 f5 16. gxf5 exf5 17. Nd5 fxe4 18. Qxe4 Qd8 19. Rde1 Nf6 20. Qxe7+ Qxe7 21. Rxe7+ Kd8 22. Re5 Rf8 23. Rg1 g6 24. Nxf6 Rxf6 25. f5 Kd7 26. fxg6 Rxg6 27. Rxg6 hxg6 28. Kd2 Rh8 29. Re2 Kd6 30. Rg2 Kd5 31. Kd3 Rh3+ 32. Rg3 Rxh2 33. Rg5+ Kd6 34. Rxg6+ Kd7 35. b3 Rh3+ 36. Kc4 Rh2 37. c3 Rh3 38. a4 Kc8 39. Rg4 Kd7 40. d5 Rh7 41. Kb5 Rh3 42. Rg7+ Kc8 43. c4 Kb7 44. b4 Rb3 0-1

[Event "RUS-chT U14"]
[Site "Sochi"]
[Date "2016.05.03"]
[Round "3.2"]
[White "Pranizin, Evgeny"]
[Black "Vetokhin, Ilia"]
[Result "0-1"]
[WhiteElo "1651"]
[BlackElo "1799"]
[PlyCount "82"]
[EventDate "2016.05.01"]
[EventType "team-tourn"]
[EventRounds "9"]
[EventCountry "RUS"]
[SourceTitle "EXT 2018"]
[Source "ChessBase"]
[SourceDate "2017.10.13"]
[SourceVersion "1"]
[SourceVersionDate "2017.10.13"]
[SourceQuality "1"]

1. e4 c6 2. d4 d5 3. exd5 cxd5 4. c4 Nf6 5. Nc3 e6 6. Nf3 Be7 7. Bf4 a6 8. Qb3 Nc6 9. c5 0-0 10. Bd3 Nh5 11. Bg3 Bf6 12. 0-0-0 Nxg3 13. hxg3 h6 14. Ne2 Rb8 15. Bb1 Ne7 16. Qc2 Ng6 17. Nf4 Bg5 18. Nxg5 Qxg5 19. Rh5 Qf6 20. Rdh1 Qxd4 21. R5h4 Qf6 22. Nh5 Qe7 23. Rg4 e5 24. Rgh4 e4 25. R4h2 Bg4 26. Nf4 Nxf4 27. gxf4 Rbc8 28. b4 b6 29. f3 bxc5 30. b5 Bf5 31. g4 Bh7 32. g5 Qd6 33. Rh4 axb5 34. gxh6 g6 35. Qb2 d4 36. Bxe4 c4 37. Rg4 f5 38. Qxb5 fxg4 39. Re1 Qxf4+ 40. Kb1 Rb8 41. Bb7 Qf5+ 0-1

[Event "Salekhard-ch"]
[Site "Salekhard"]
[Date "2015.02.02"]
[Round "9"]
[White "Pranizin, Evgeny"]
[Black "Vanuyto , Sergey"]
[Result "0-1"]
[WhiteElo "1755"]
[BlackElo "1707"]
[PlyCount "96"]
[EventDate "2015.01.23"]
[EventType "swiss"]
[EventRounds "9"]
[EventCountry "RUS"]
[SourceTitle "CBM 164 Extra"]
[Source "ChessBase"]
[SourceDate "2015.03.02"]
[SourceVersion "1"]
[SourceVersionDate "2015.03.02"]
[SourceQuality "1"]

1. e4 c5 2. Nf3 d6 3. d4 cxd4 4. Nxd4 Nf6 5. Nc3 a6 6. h3 e6 7. f4 Be7 8. Qf3 Qc7 9. Be3 Nbd7 10. Bd3 b5 11. a3 Bb7 12. g4 Nc5 13. g5 Nfd7 14. f5 Ne5 15. Qe2 Nexd3+ 16. cxd3 e5 17. Nf3 Nb3 18. Rd1 Qa5 19. 0-0 f6 20. d4 0-0-0 21. dxe5 dxe5 22. Qc2 Nd4 23. Nxd4 exd4 24. Nxb5+ Kb8 25. Qh2+ Ka8 26. Nc7+ Ka7 27. Bxd4+ Bc5 28. Ne6 Bxd4+ 29. Rxd4 Rxd4 30. Nxd4 Bxe4 31. gxf6 gxf6 32. Qg3 Qd8 33. Qe3 Qg8+ 34. Kf2 Qg2+ 35. Ke1 Ka8 36. Qe2 Qg3+ 37. Rf2 Bb7 38. Ne6 Rc8 39. Qd2 Qxh3 40. Nf4 Qxf5 41. Nd3 Qe4+ 42. Qe2 Qc6 43. Kd1 Qa4+ 44. b3 Qxb3+ 45. Ke1 Qb1+ 46. Qd1 Re8+ 47. Re2 Rxe2+ 48. Kxe2 Bf3+ 0-1

[Event "Salekhard-ch"]
[Site "Salekhard"]
[Date "2015.02.01"]
[Round "8"]
[White "Abramov, Ilya"]
[Black "Pranizin, Evgeny"]
[Result "1-0"]
[WhiteElo "1709"]
[BlackElo "1755"]
[PlyCount "35"]
[EventDate "2015.01.23"]
[EventType "swiss"]
[EventRounds "9"]
[EventCountry "RUS"]
[SourceTitle "CBM 164 Extra"]
[Source "ChessBase"]
[SourceDate "2015.03.02"]
[SourceVersion "1"]
[SourceVersionDate "2015.03.02"]
[SourceQuality "1"]

1. d4 Nf6 2. c4 e5 3. dxe5 Ng4 4. Nh3 Nxe5 5. e3 Bb4+ 6. Bd2 Bxd2+ 7. Qxd2 0-0 8. Nf4 Nbc6 9. Nc3 d6 10. Ncd5 Be6 11. Be2 Qg5 12. Nxc7 Rac8 13. Ncxe6 fxe6 14. Qxd6 Rcd8 15. Qxe6+ Kh8 16. h4 Qh6 17. Qxh6 gxh6 18. Ne6 1-0

[Event "Salekhard-ch"]
[Site "Salekhard"]
[Date "2015.01.29"]
[Round "3"]
[White "Pranizin, Evgeny"]
[Black "Druchenko, Mikhail"]
[Result "1-0"]
[WhiteElo "1755"]
[BlackElo "1512"]
[PlyCount "77"]
[EventDate "2015.01.23"]
[EventType "swiss"]
[EventRounds "9"]
[EventCountry "RUS"]
[SourceTitle "CBM 164 Extra"]
[Source "ChessBase"]
[SourceDate "2015.03.02"]
[SourceVersion "1"]
[SourceVersionDate "2015.03.02"]
[SourceQuality "1"]

1. e4 e5 2. Nf3 Nc6 3. Bb5 Nd4 4. Nxd4 exd4 5. 0-0 Bc5 6. d3 Ne7 7. Bg5 0-0 8. Nd2 f6 9. Bh4 c6 10. Ba4 d5 11. exd5 Nxd5 12. Ne4 Be7 13. Bb3 b6 14. Qh5 Be6 15. Rae1 Qd7 16. h3 Bf7 17. Qf3 f5 18. Ng5 Rae8 19. Nxf7 Rxf7 20. Bxd5 cxd5 21. Bxe7 Rfxe7 22. Qd1 Kf7 23. Rxe7+ Qxe7 24. Qh5+ Kf6 25. f4 Qd7 26. Qxh7 Re3 27. Qh4+ Kf7 28. Re1 Qe6 29. Kf1 a6 30. Qf2 Kf6 31. c3 Rxe1+ 32. Qxe1 Qxe1+ 33. Kxe1 dxc3 34. bxc3 g5 35. g3 b5 36. Kf2 a5 37. a3 g4 38. h4 Kg6 39. Ke3 1-0